000 01151nam a2200277 4500
005 20240530110350.0
008 141217s2003 ua f b 000 0 ara d
017 _a16843/2003
_bمصر . دار الكتب المصرية
020 _a9771018167
040 _aEG-CaGPL
041 0 _aara
082 0 4 _221
_a962
_bق/ز و
100 0 _aزين العابدين شمس الدين نجم
245 1 0 _aوثائق تاريخ مصر و العرب الحديث :
_bدفتر مجموع ادارة و اجراءات 1240 -1280 هـ / 1825 - 1863 م دراسة و تحقيق /
_cزين العابدين شمس الدين نجم
260 _aالقاهرة :
_bدار الفكر العربى ،
_c2003
300 _a971 ص ؛
_c24 سم
504 _aببليوجرافية : ص 959 - 964
650 0 4 _aالوثائق
_xتاريخ
650 0 4 _aالتاريخ
_xمصادر
650 0 4 _aالمخطوطات المصرية
650 0 4 _aالمخطوطات العربية
651 0 4 _2مصر
_xتاريخ
_xوثائق
651 0 4 _aالوطن العربى
_xتاريخ
_xوثائق
942 _2ddc
_cBK
999 _c60043
_d60043